[Event "5th Pontevedra Open 2017"]
[Site "Pontevedra"]
[Date "2017.08.10"]
[Round "3"]
[White "Juarros Ruiz, Victor"]
[Black "Pap, Misa"]
[Result "0-1"]
[WhiteElo "1708"]
[BlackElo "2491"]
[Annotator "TA"]
[PlyCount "60"]
[EventDate "2017.??.??"]
[EventCountry "ESP"]
[SourceTitle "playchess.com"]
[Source "ChessBase"]
[SourceQuality "1"]

{[%evp 9,60,18,19,-20,-20,-22,-14,-19,-8,-57,-52,-49,-50,-52,-39,-56,-47,-52,-47,-67,-57,-185,-185,-185,-185,-185,-183,-185,-185,-233,-232,-245,-235,-242,-237,-227,-236,-235,-231,-377,-314,-308,-307,-340,-334,-331,-358,-435,-423,-412,-400,-783,-798]} 1. e4 e5 2. Nc3 Nf6 3. Bc4 c6 4. d4 Bb4 5. dxe5 Nxe4 $1 6. Bxf7+ {C27: Vienna Game: 2...Nf6 3 Bc4 Nxe4} (6. Nge2 {seems wilder.} d5 7. exd6 Nxd6 8. Bd3 Nd7 9. O-O) (6. Qd4 d5 7. exd6 O-O 8. Nge2 Nxc3 9. Nxc3 Bxd6 10. Be3 Qc7 11. O-O-O Be5 12. Qh4 {1-0 (85) Shanava,K (2569)-Avrukh,B (2605) Istanbul 2012}) 6... Kxf7 7. Qf3+ Nf6 $1 8. exf6 {The position is equal.} Qxf6 9. Qxf6+ (9. Bg5 $5 Re8+ 10. Kd2 Qxf3 11. Nxf3 $11) 9... gxf6 10. Bd2 d5 11. Nge2 Rg8 12. Rg1 $146 ({Predecessor:} 12. O-O Bf5 {0-1 (77) Alonso Herrero,I (1809)-Vallejo Nuno,J (2068) Madrid 2012}) 12... Nd7 $36 {[%cal Bb8d7,Bd7e5,Be5f3][%mdl 2080] Black fights for an advantage.} 13. O-O-O Ne5 14. Bf4 Bc5 15. Nd4 {[#]} (15. Be3 $15 Bxe3+ 16. fxe3) 15... Bxd4 $1 $19 16. Rxd4 {[#]} Nf3 $1 {[%cal Rf3d4][%mdl 512]} 17. Rdd1 (17. gxf3 Rxg1+) 17... Nxg1 18. Rxg1 Bf5 19. f3 Rae8 20. Kd2 d4 21. Ne2 c5 22. Ng3 Bg6 23. Bh6 Re6 24. h4 {[#]} (24. Rd1 {was called for.}) 24... Bxc2 $1 {[%mdl 512]} 25. Bf4 (25. Kxc2 Rxg3) 25... Ba4 26. Ne4 b6 27. b3 Bc6 28. Nd6+ Ke7 29. Nf5+ Kd7 30. Bg3 (30. Ng3 $142) 30... Bb5 {Precision: White = 38%, Black = 89%.} 0-1

[Event "5th Pontevedra Open 2017"]
[Site "Pontevedra"]
[Date "2017.08.10"]
[Round "3"]
[White "Creo Abeijon, Diego"]
[Black "Lillo Castany, Victor"]
[Result "0-1"]
[WhiteElo "1616"]
[BlackElo "2382"]
[Annotator "TA"]
[PlyCount "90"]
[EventDate "2017.??.??"]
[EventCountry "ESP"]
[SourceTitle "playchess.com"]
[Source "ChessBase"]
[SourceQuality "1"]

{[%evp 27,90,0,0,0,0,0,0,-34,-37,-34,-30,-36,0,0,0,0,0,0,0,0,0,0,0,0,0,0,0,0,0,0,4,0,88,-53,-46,-153,-70,-94,-93,-97,-90,-90,-90,-90,-90,-90,-87,-141,-10,-10,-10,-15,-8,-20,0,-127,-126,-29981,-29982,-29982,-29983,-29984,-29985,-29985,-29986]} 1. e4 e5 2. Nf3 Nc6 3. Bb5 a6 4. Ba4 Nf6 5. O-O b5 6. Bb3 Bc5 7. c3 d6 8. d4 Bb6 9. dxe5 Nxe5 10. Nxe5 {C78: Ruy Lopez: Archangelsk and Möller Defences} dxe5 11. Qxd8+ Kxd8 12. Bxf7 Rf8 13. Bd5 Nxd5 14. exd5 Bb7 {LiveBook: 15 Games} 15. c4 (15. Bg5+ Kd7 16. Nd2 h6 17. Be3 Bxe3 18. fxe3 Bxd5 19. e4 Bf7 20. Rf5 Be6 21. Rxe5 Kd6 22. Rh5 c6 23. Nb3 Rae8 24. Rd1+ {½-½ (24) Kononenko,D (2563)-Inarkiev,E (2664) Ohrid 2009}) 15... bxc4 16. Nc3 Bd4 17. Bg5+ Kd7 18. Rad1 $146 Kd6 19. Be3 Kc5 (19... Bxc3 $5 20. bxc3 Bxd5 $11) 20. Rd2 Bxe3 21. fxe3 Rxf1+ 22. Kxf1 $11 {[%mdl 4096] Endgame KRB-KRN} Rd8 {[%cal Rb7d5]} 23. e4 c6 {[%cal Rc6d5]} 24. d6 Bc8 25. Ke2 Be6 26. Ke3 Kb6 27. Na4+ Kb5 28. Nc3+ Ka5 29. a3 c5 (29... Kb6 $11 {remains equal.}) 30. Nd5 (30. Ne2 $1 $16) 30... Rxd6 $15 31. Nc7 (31. Nc3 $15 Rb6 32. h3) 31... Rc6 (31... Rxd2 $17 32. Kxd2 Bf7) 32. Nxe6 Rxe6 {KR-KR} 33. Rd7 Rb6 34. Rd5 Rxb2 {And now ...Kb5 would win.} 35. Rxc5+ Ka4 {Strongly threatening ...Kb3.} 36. Rxc4+ Kxa3 37. Rc5 {[#]} (37. g4 $142) 37... Rxg2 (37... Rb5 $1 $17 {[%cal Rb5c5]} 38. Rd5 Kb4) 38. Rxe5 $11 Kb4 39. Rd5 Rxh2 {Threatening ...a5.} 40. e5 {Black must now prevent e6.} Rh6 41. Rd6 (41. Rd7 $11) 41... Kc5 $17 42. Rxh6 $4 {[%mdl 8192]} (42. Rd1 $17) 42... gxh6 {Black mates.} 43. Ke4 {[#]} Kc6 $1 ({Stronger than} 43... a5 44. Kf5 $11) 44. e6 Kd6 45. Kf5 Ke7 {Precision: White = 44%, Black = 61%.} 0-1

[Event "5th Pontevedra Open 2017"]
[Site "Pontevedra"]
[Date "2017.08.10"]
[Round "3"]
[White "Martinez Montes, Juan Manuel"]
[Black "Silva, Luis Neves Da"]
[Result "0-1"]
[WhiteElo "1588"]
[BlackElo "2354"]
[Annotator "TA"]
[PlyCount "66"]
[EventDate "2017.??.??"]
[EventCountry "ESP"]
[SourceTitle "playchess.com"]
[Source "ChessBase"]
[SourceQuality "1"]

{[%evp 15,66,-22,-18,-13,-27,-25,-29,-33,7,-21,-21,-23,-33,-74,-41,-30,-30,-27,-23,-33,-27,-75,-11,-58,-46,-101,-92,-102,-108,-97,-81,-106,-59,-69,-59,-55,0,-7,-7,-8,70,-39,-48,-105,-128,-29991,-29992,-29992,-29993,-29994,-29995,-29995,-2449]} 1. e4 c5 2. Nc3 a6 3. Nge2 e6 4. g3 b5 5. a3 (5. Bg2 Bb7 6. O-O Nc6 7. d4 cxd4 8. Nxd4 Nge7 9. Bf4 Ng6 10. Be3 Nge5 11. Nxc6 Bxc6 12. Bd4 Ng6 13. Re1 f6 14. Nd5 {0-1 (54) Jovanovic,Z (2534)-Vitiugov,N (2726) Tallinn 2016}) 5... Bb7 6. Bg2 {B23: Closed Sicilian: Lines without g3} Nf6 7. d3 d5 8. exd5 Nxd5 {LiveBook: 12 Games} 9. Nxd5 Bxd5 10. Bxd5 Qxd5 11. O-O Nd7 $146 ({Predecessor:} 11... Nc6 12. c4 bxc4 {½-½ (20) Gonzalez Acosta,B (2434)-Bruzon Batista,L (2620) Santo Domingo 2007}) 12. d4 (12. Nc3 $5 {[%cal Rc3d5]} Qc6 13. Ne4 $11) 12... Qb7 13. Re1 Be7 14. Be3 O-O 15. c3 Rfd8 {Hoping for ...Ne5!} 16. Qc2 c4 17. Rad1 {[%cal Ba1d1,Bd1d2,Bd2e2,Be2e5][%mdl 32]} Nb6 18. Rd2 h5 (18... a5 $17) 19. Red1 h4 20. gxh4 (20. Nf4 $15) 20... Bxh4 $17 21. Ng3 f5 22. Re2 Nd5 23. Bc1 Qc6 24. Rde1 Re8 $1 25. Nh5 g5 (25... Qd6 $15) 26. Re5 Kf7 $1 $40 {[%mdl 128] Black attacks.} 27. Qe2 g4 (27... Re7 $1 $11) 28. Nf4 (28. h3 $14) 28... Bf6 $15 29. Nxd5 (29. Nxe6 $15 Bxe5 30. Ng5+ Kg6 31. dxe5) 29... Bxe5 $17 ({Much worse is} 29... exd5 $6 30. Rxe8 Rxe8 31. Qxe8+ Qxe8 32. Rxe8 $11) 30. Nb4 $2 {[%mdl 8192] [#]} (30. Qxe5 $17 Qxd5 31. Qf4) 30... Bxh2+ $1 {[%mdl 512] Black mates.} 31. Kxh2 Rh8+ 32. Kg3 Rh3+ 33. Kf4 Rf3+ {Precision: White = 25%, Black = 42%.} (33... Qc7+ $142 34. Qe5 Rf3+ 35. Kg5 Qe7+ 36. Qf6+ Qxf6+ 37. Kh5 Rh3#) 0-1

[Event "5th Pontevedra Open 2017"]
[Site "Pontevedra"]
[Date "2017.08.10"]
[Round "3"]
[White "Fernandez Rozas, Javier"]
[Black "Padeiro, Jose"]
[Result "0-1"]
[WhiteElo "1560"]
[BlackElo "2255"]
[Annotator "TA"]
[PlyCount "74"]
[EventDate "2017.??.??"]
[EventCountry "ESP"]
[SourceTitle "playchess.com"]
[Source "ChessBase"]
[SourceQuality "1"]

{[%evp 9,74,0,-6,5,47,39,39,47,36,35,20,6,18,30,45,0,14,0,19,-20,0,-31,-16,-62,63,-50,0,-79,30,-55,0,-57,-46,-64,-58,-77,124,-187,-70,-98,-88,-97,-90,-112,-114,-115,-115,-110,-107,-156,-153,-206,-206,-206,-204,-236,-216,-197,-219,-225,-172,-226,-172,-560,-570,-937,-937]} 1. e4 {[%cal Be2e4,Be4e5][%mdl 32]} c6 2. Nc3 d5 3. Nf3 Nf6 4. e5 Ne4 5. d4 Nxc3 6. bxc3 {B11: Caro-Kann: Two Knights Variation} Bg4 (6... c5 $5) (6... e6 7. Bd3 c5 8. O-O Nc6 9. a4 c4 10. Be2 Bd7 11. Ng5 Be7 12. Nh3 Qa5 13. Qd2 {1-0 (54) Karjakin,S (2774)-Arutinian,D (2527) Almaty 2016}) 7. h3 Bxf3 8. Qxf3 {White is slightly better.} e6 9. Rb1 b5 10. Be2 (10. a4 $5 bxa4 11. c4 $11 (11. Rb7 Nd7 $15)) 10... Be7 11. Qg3 $146 ({Predecessor:} 11. O-O O-O 12. Qg4 Re8 13. Bh6 {0-1 (21) Schierle,U-Ahlberg,M DESC email 2005}) 11... g6 12. Bh6 Nd7 13. O-O Qa5 14. Rb2 Nb6 15. Bg7 Rg8 16. Bf6 Nc8 (16... Bxf6 $15 17. exf6 Kd7) 17. Qh4 (17. c4 $14) 17... h5 18. Qg3 (18. c4 $11) 18... Qc7 (18... Bxf6 $17 19. exf6 Kd7) 19. Qg5 (19. Bxe7 $1 $11 Nxe7 20. a4) 19... Bxf6 $15 20. Qxf6 (20. exf6 $11 Nd6 21. Bd3) 20... Qe7 21. Qxe7+ Kxe7 22. a4 {[#]} Nb6 $2 (22... a6 $1 $17 {stays on course.}) 23. Ra1 $2 {[%mdl 8192]} (23. axb5 $16 {is forced if you want to stay better.} cxb5 24. Rxb5 (24. Bxb5 Rgc8 $16)) 23... a6 ({But not} 23... bxa4 24. h4 $17) ({Better is} 23... Nxa4 $19 24. Rb3 a6) 24. a5 Na4 25. Rb3 Rgc8 26. c4 dxc4 27. Bxc4 Rd8 28. c3 c5 29. Be2 {c4 would now be nice for White.} cxd4 30. cxd4 (30. c4 $17 {keeps fighting.}) 30... Rxd4 $19 31. Rc1 {[#]} Ra7 $1 32. g3 Re4 33. Re3 Rxe3 34. fxe3 b4 {[%cal Bb5b4,Bb4b3,Bb3b2][%mdl 32] aiming for ...b3.} 35. Bf3 (35. Rc4 $142) 35... b3 36. Rb1 $2 (36. Rc4 b2 37. Be4) 36... b2 37. Bc6 Rc7 {Precision: White = 19%, Black = 47%.} 0-1

[Event "5th Pontevedra Open 2017"]
[Site "Pontevedra"]
[Date "2017.08.10"]
[Round "4"]
[White "Petkov, Vladimir"]
[Black "Garcia Romero, Benjamin Abel"]
[Result "1-0"]
[WhiteElo "2498"]
[BlackElo "2217"]
[Annotator "TA"]
[PlyCount "53"]
[EventDate "2017.??.??"]
[EventCountry "ESP"]
[SourceTitle "playchess.com"]
[Source "ChessBase"]
[SourceQuality "1"]

{[%evp 9,53,-19,-19,-21,1,-14,39,37,39,44,80,71,124,127,149,154,162,158,154,151,163,160,186,199,189,182,204,207,209,211,333,187,313,318,287,256,274,277,366,358,367,366,365,365,358,352]} 1. Nf3 Nf6 2. b3 c5 3. Bb2 b6 (3... g6 4. c4 Bg7 5. g3 b6 6. Bg2 Bb7 7. O-O O-O 8. Nc3 d6 9. d4 cxd4 10. Qxd4 Nbd7 11. Rfd1 a6 12. Qh4 Rc8 13. Rac1 Rc5 14. b4 Rc7 15. Ne1 Qc8 16. Bxb7 Qxb7 17. Nd5 Nxd5 18. Bxg7 Kxg7 19. cxd5 {½-½ (48) Cordova,E (2637)-Xiong,J (2647) Atlantic City 2016}) 4. Bxf6 gxf6 5. g3 $146 ({Predecessor:} 5. c4 Bb7 6. e3 f5 7. Nc3 Bg7 8. Rc1 e6 9. g3 Nc6 10. Bg2 d5 11. cxd5 {1-0 (42) Triapishko,O (2474)-Taysayev,T (2231) Sochi 2016}) 5... Bb7 6. Bg2 {A05: Réti Opening: 1 Nf3 Nf6} Nc6 7. O-O Qc7 (7... d5 $11) 8. c4 $14 {White is slightly better.} e6 9. Nc3 Be7 10. e3 Ne5 (10... O-O-O $142) 11. Nxe5 $16 Bxg2 {[#]} 12. Nxf7 $1 ({Don't do} 12. Kxg2 $6 fxe5 13. Qg4 O-O-O $11) 12... Kxf7 13. Qh5+ ({Resist} 13. Kxg2 h5 $16) 13... Kg7 14. Kxg2 f5 15. d4 Raf8 16. Rad1 cxd4 17. Rxd4 Bf6 {[#]} 18. Rd3 $1 Bxc3 19. Rxc3 Qe5 (19... Rf6 {is a better defense.} 20. Qg5+ Kf7) 20. Qg5+ $18 Kf7 {[#]} 21. Rd1 $1 {[%mdl 512]} d6 22. Rd4 h6 23. Qh5+ Kg7 24. Rcd3 {White is winning.} Rd8 25. Qd1 Rhe8 26. Rxd6 Rxd6 27. Rxd6 {Precision: White = 89%, Black = 43%.} 1-0

[Event "5th Pontevedra Open 2017"]
[Site "Pontevedra"]
[Date "2017.08.10"]
[Round "4"]
[White "Pap, Misa"]
[Black "Estremera Panos, Sergio"]
[Result "1-0"]
[WhiteElo "2491"]
[BlackElo "2362"]
[Annotator "TA"]
[PlyCount "79"]
[EventDate "2017.??.??"]
[EventCountry "ESP"]
[SourceTitle "playchess.com"]
[Source "ChessBase"]
[SourceQuality "1"]

{[%evp 25,79,14,14,7,9,12,15,10,20,18,16,0,21,22,28,28,28,28,28,27,50,40,41,13,85,58,67,50,51,35,32,11,11,10,8,0,0,0,0,0,78,78,80,87,170,169,167,167,199,198,464,395,624,620,588,579]} 1. e4 e5 2. Nf3 Nf6 3. Nxe5 d6 4. Nf3 Nxe4 5. Nc3 Nxc3 6. dxc3 Be7 7. Bf4 Nc6 8. Qd2 Be6 9. O-O-O Qd7 {C42: Petroff Defence: 3 Nxe5 and unusual White 3rd moves} 10. Kb1 (10. h3 Bf6 11. g4 h6 12. Bg2 O-O-O 13. b3 Rde8 14. Rhe1 Kb8 15. Be3 a6 16. Ng1 g5 17. Ne2 h5 18. f3 {½-½ (73) So,W (2770)-Wei,Y (2696) Bilbao 2016}) 10... O-O-O 11. Ng5 Bxg5 12. Bxg5 f6 13. Be3 a6 {LiveBook: 18 Games} 14. f3 Rde8 15. Bf2 h5 $146 ({Predecessor:} 15... Qf7 16. b3 {1-0 (32) Bagi,M (2224)-Bodo,B (2030) Hungary 2010}) 16. b3 h4 17. h3 Bf5 18. Bc4 g5 (18... Ne5 $5 {[%cal Re5c4]}) 19. Rhe1 Rxe1 20. Rxe1 Re8 21. f4 Rxe1+ 22. Bxe1 Qe7 23. Bf2 Be4 24. Bf1 d5 (24... Qf7 $11 {keeps the balance.}) 25. Kb2 Nd8 26. fxg5 fxg5 27. Be3 Ne6 28. Be2 Kb8 29. Bg4 Nf4 30. a4 a5 31. Qf2 Qe5 32. Bd4 $36 {[%mdl 2048] White has the initiative.} Qe7 (32... Qd6 $11) 33. g3 $1 $16 {[%cal Rg3f4]} hxg3 34. Qxg3 Qd6 {[#]} (34... b6 $16 {might work better.}) 35. Qf2 $1 $18 b6 {[#]} 36. Be3 $1 Qg6 37. h4 Ne6 $2 (37... Qd6 38. hxg5 Ng6) 38. hxg5 Nxg5 (38... Ka7 $142 39. Qf6 Nc5 40. Bxc5 bxc5) 39. Qf8+ Ka7 {intending ...Ne6.} 40. Qe7 {Precision: White = 70%, Black = 49%.} 1-0

[Event "5th Pontevedra Open 2017"]
[Site "Pontevedra"]
[Date "2017.08.10"]
[Round "4"]
[White "Pena Gomez, Manuel"]
[Black "Rodriguez Lopez, Rafael"]
[Result "1-0"]
[WhiteElo "2468"]
[BlackElo "2303"]
[Annotator "TA"]
[PlyCount "75"]
[EventDate "2017.??.??"]
[EventCountry "ESP"]
[SourceTitle "playchess.com"]
[Source "ChessBase"]
[SourceQuality "1"]

{[%evp 12,75,12,-12,5,8,6,6,5,-11,0,0,-4,-31,1,-12,7,-38,0,0,0,-14,36,0,75,72,65,73,55,20,18,24,26,3,51,31,33,10,64,36,81,31,20,0,0,0,0,-110,-103,-194,-147,-192,-203,-205,-190,-238,0,0,0,0,593,602,5017,4652,1391,1391]} 1. g3 Nf6 2. Bg2 d5 3. Nf3 c6 4. O-O Bf5 5. d3 e6 6. Qe1 {A07: Réti Opening: New York and Capablanca Systems} (6. b3 h6 7. Bb2 Be7 8. Nbd2 O-O 9. c4 a5 10. a3 Bh7 11. Qc2 Na6 12. Ne5 Nd7 13. Nxd7 Qxd7 14. Nf3 Rfc8 15. Bc3 Qd8 16. Qb2 Bf6 17. Ne5 Nc5 18. Bd4 Qd6 19. f4 dxc4 20. dxc4 Nxb3 21. Qxb3 Qxd4+ {0-1 (49) Caruana,F (2808)-Grischuk,A (2761) Paris 2017}) 6... h6 7. Nc3 {LiveBook: 12 Games} Bb4 8. Bd2 {The position is equal.} a5 $146 ({Predecessor:} 8... O-O 9. Nxd5 Bxd2 10. Nxf6+ Qxf6 11. Qxd2 Qxb2 12. Rab1 Qf6 13. e4 Bg4 14. e5 {1-0 (59) Paci,N (1803)-Gras,D (1995) France 2008}) 9. e4 Bh7 10. a3 Be7 11. Bc1 O-O 12. Nd2 dxe4 13. dxe4 e5 14. f4 exf4 15. gxf4 Re8 16. Qg3 Nfd7 17. Kh1 f6 (17... Nc5 $1 $11) 18. Nf3 Kh8 19. Nh4 Nf8 20. Nf5 Bxf5 21. exf5 Bc5 22. Ne4 (22. Rd1 $5 {[%cal Rd1d8]} Qc7 23. Ne4 $14) 22... Bb6 23. Be3 Bxe3 24. Qxe3 Nbd7 (24... Na6 $11) 25. Rae1 a4 26. Qg3 {Hoping for Nd6.} Qc7 27. Bf3 Re7 28. Rg1 Nb6 {[%cal Bd7b6,Bb6c4,Bc4d6,Bd6f5,Bf5e3][%mdl 32]} 29. c4 (29. Bg4 $11 {remains equal.}) 29... Nxc4 $17 30. Rc1 (30. Bh5 $17 {was called for.}) 30... Nd6 ({Stronger than} 30... Nxb2 31. Nxf6 $1 {[%mdl 512]} Rf7 32. Nh5 $16) 31. Nxf6 Nxf5 32. Qg4 {Strongly threatening Nd5.} Ne3 33. Qh4 {White wants to mate with Qxh6+!} gxf6 $2 (33... Ne6 $19 34. Rce1 Qxf4 35. Qxf4 Nxf4) 34. Qxf6+ $11 Rg7 {White must now prevent ...Qf7.} 35. Rc3 $1 $40 {[%cal Rc3e3][%mdl 128] Black needs to defend precisely.} Re8 $2 {[%mdl 8192] [#]} (35... Qf7 $11 36. Qxg7+ Qxg7 37. Rxg7 Kxg7 38. Rxe3 Kf6) 36. Rxe3 $1 $18 {[%mdl 512] White is clearly winning.} Rxe3 37. Qxf8+ Kh7 {[#]} 38. Bg4 $1 {Precision: White = 41%, Black = 46%.} 1-0

[Event "5th Pontevedra Open 2017"]
[Site "Pontevedra"]
[Date "2017.08.10"]
[Round "4"]
[White "Lillo Castany, Victor"]
[Black "Sanchez Aller, Fernando"]
[Result "1-0"]
[WhiteElo "2382"]
[BlackElo "2337"]
[Annotator "TA"]
[PlyCount "137"]
[EventDate "2017.??.??"]
[EventCountry "ESP"]
[SourceTitle "playchess.com"]
[Source "ChessBase"]
[SourceQuality "1"]

{[%evp 23,137,4,40,37,67,47,60,50,52,54,56,0,0,0,0,0,0,0,0,0,0,0,0,0,0,0,43,32,48,50,88,75,77,58,65,22,77,70,58,43,50,60,98,98,98,98,98,98,117,108,110,106,95,80,104,58,58,58,58,58,58,58,181,177,151,164,179,172,295,27,473,444,444,441,443,404,408,372,422,383,426,360,566,537,625,607,887,645,557,458,1046,776,988,1045,923,951,582,893,743,708,1979,1779,1972,1622,1587,1502,1387,584,29981,29982,29983,29984,29984,29985,29985,29986]} 1. e4 e5 2. Nf3 Nc6 3. Bc4 Nf6 4. d3 Bc5 5. O-O d6 6. c3 a6 7. Bb3 Ba7 8. Nbd2 O-O 9. h3 h6 10. Re1 Nh5 11. Nf1 Qf6 12. Be3 Nf4 13. d4 {C54: Giuoco Piano: 4 c3 Nf6, main lines with 5 d4 and 5 d3} g5 (13... Ne7 14. Ng3 Neg6 15. Bc2 Nh4 16. Nxh4 Qxh4 17. Qf3 g6 18. Bxf4 Qxf4 19. Qxf4 exf4 20. Ne2 f3 21. Ng3 c5 22. d5 Re8 23. h4 fxg2 24. Kxg2 {1-0 (50) Ganguly,S (2668)-Kayumov,S (2505) Doha 2016}) 14. dxe5 dxe5 15. Bxa7 $146 {And now Be3 would win.White is slightly better.} ({Predecessor:} 15. N3h2 Na5 16. Ng4 Qg7 17. Ng3 {0-1 (85) Gajek,R (2296)-Mikrut,D (2358) Krakow 2013}) 15... Rxa7 16. Ne3 Ne7 17. Nd5 (17. Ng4 $14 Bxg4 18. hxg4) 17... Nexd5 $11 18. exd5 Re8 $1 19. Nd2 Bf5 20. Qf3 Raa8 21. Ne4 $36 {[%mdl 2048] White fights for an advantage.} Qg6 $1 22. Rad1 Rad8 23. Qe3 Bxe4 24. Qxe4 Qxe4 (24... Kg7 {looks sharper.} 25. Kh2 f5 26. Qb4 Qd6 27. Qxb7 e4) 25. Rxe4 Kf8 26. g3 Ng6 27. Rb4 b5 28. a4 Rb8 29. axb5 Rxb5 (29... axb5 $11 30. d6 cxd6) 30. Rxb5 $16 axb5 $14 {[%mdl 4096] Endgame KRB-KRN} 31. Ra1 e4 32. Ra7 {Strongly threatening d6.} e3 33. fxe3 Rxe3 34. Kf2 (34. Rxc7 $6 Rxg3+ 35. Kh2 Rd3 $11) 34... Re7 35. Rb7 Ne5 {[#]} 36. Bc2 $1 f5 37. Rxb5 Rf7 38. Rb8+ Ke7 39. b4 f4 40. g4 $1 Rf6 41. Ra8 Rd6 42. Be4 Nd7 (42... Rb6 $14) 43. Rc8 Nf6 44. Rxc7+ Kd8 45. Rc4 Ra6 (45... Nxe4+ $142 46. Rxe4 Rxd5) 46. Kf3 $2 ({White should try} 46. Bf5 $18) 46... Ra2 $2 {[%mdl 8192]} (46... Nd7 $11 47. Ke2 Ne5) 47. Rc6 Nd7 {[%cal Rd7e5]} 48. Re6 Ra3 49. Bf5 Rxc3+ 50. Ke2 Ra3 {If Black can now play ...Ra2+ this consolidates a bit.} 51. Rd6 Ra7 52. b5 Ke7 (52... Ke8 {might work better.} 53. Rxh6 Ra2+ 54. Ke1 Ra1+ 55. Kd2 Ra2+ 56. Kd1 Nf8) 53. Rxh6 $18 Ra2+ 54. Kd1 f3 55. Rh7+ Kf6 {White must now prevent ...f2.} 56. Rxd7 {KRB-KR} Ra1+ 57. Kd2 f2 58. Bd3 ({Don't blunder} 58. Rd6+ $2 Ke5 $19) 58... Ra2+ {[#]} 59. Ke3 $1 ({Weaker is} 59. Kc3 Ra3+ 60. Kd2 Rxd3+ 61. Ke2 Rf3 $16) 59... Ra3 60. Kxf2 ({Wrong is} 60. Ke4 $2 Rxd3 61. Rd6+ Kf7 $19) 60... Rxd3 {KR-KR} 61. b6 {[%cal Bb5b6,Bb6b7][%mdl 32]} Rxh3 62. b7 Rb3 63. Ke2 Ke5 64. Kd2 Kd4 65. Kc2 (65. Kc1 $142 Rb4 66. Rg7) 65... Rb6 66. d6 {[%cal Bd5d6,Bd6d7][%mdl 32] White mates.} Kd5 67. Rg7 Kc6 68. d7 Kc7 69. Rg8 {Precision: White = 75%, Black = 45%.} 1-0

[Event "5th Pontevedra Open 2017"]
[Site "Pontevedra"]
[Date "2017.08.10"]
[Round "4"]
[White "Silva, Luis Neves Da"]
[Black "Oratovsky, Michael"]
[Result "1/2-1/2"]
[WhiteElo "2354"]
[BlackElo "2494"]
[Annotator "TA"]
[PlyCount "46"]
[EventDate "2017.??.??"]
[EventCountry "ESP"]
[SourceTitle "playchess.com"]
[Source "ChessBase"]
[SourceQuality "1"]

{[%evp 16,46,37,35,35,29,30,27,17,17,39,14,29,32,35,22,0,0,0,0,0,0,0,0,0,0,0,0,0,11,0,0,0]} 1. d4 d6 2. e4 Nf6 3. Nc3 e5 4. Nf3 Nbd7 5. Bc4 Be7 6. a4 O-O 7. O-O a5 8. Re1 c6 9. h3 Nb6 {C41: Philidor Defence} 10. Ba2 Nfd7 {[%cal Bf6d7,Bd7c5,Bc5a4][%mdl 32]} 11. Be3 exd4 {White has an edge.} 12. Nxd4 {Black must now prevent Nf5.} Nc5 $1 13. Qh5 Nbxa4 14. Nxa4 Nxa4 15. Nf3 b5 {The position is equal.} 16. Ng5 Bxg5 $1 17. Bxg5 {[#]} Qc7 $146 18. Re3 Kh8 $1 (18... Nxb2 $2 {[#]} 19. Bf6 $1 $18 {[%mdl 512]}) 19. c4 {[#] Bb1 is the strong threat.} Be6 $1 20. Bb1 f6 $1 {[%cal Rf6g5,Bf7f6,Bf6f5][%mdl 32]} ({Don't blunder} 20... Bxc4 $2 21. e5 $18) 21. e5 $1 {[%csl Gb1][%cal Rh5h7]} f5 $1 22. exd6 Qxd6 23. cxb5 cxb5 1/2-1/2